• 首页
  • 本馆介绍
  • 公告通知
  • 最新文献
  • 馆藏检索
  • 电子资源
  • 读者导购
  • 参考咨询
  • 我的图书馆
  • 登录
  • 详细信息显示
  • 放入我的书架
  • 预约/预借图书
  • 作者相关作品
  • 分类相关作品
  • 丛书相关作品
  • 出版社相关作品

书目信息

  • 表格格式
  • 工作单格式
  • 卡片格式
题名:
大学高尔夫教程
    
 
作者: 丁明汉 主编
分册:  
出版信息: 北京   首都经济贸易大学出版社  2015.01
页数: 241页
开本: 24cm
丛书名:
单 册:
中图分类: G849.3
科图分类:
主题词: 高尔夫球运动--高等学校--教材 , 高尔夫球运动
电子资源:
ISBN: 978-7-5638-2319-2
000 01027nam0 2200289 450
001 0120151478640
005 20170424082727.17
010    @a978-7-5638-2319-2@dCNY45.00
100    @a20150116d2015 em y0chiy50 ea
101 0  @achi
102    @aCN@b110000
105    @aak z 000yy
106    @ar
200 1  @a大学高尔夫教程@9da xue gao er fu jiao cheng@dUniversity golf course@f丁明汉主编@zeng
205    @a2版
210    @a北京@c首都经济贸易大学出版社@d2015.01
215    @a241页@c图@d24cm
304    @a北京市大学生高尔夫协会组织编写
330    @a本书旨在指导学生学习高尔夫基本技术,向学生介绍高尔夫的规则、礼仪、发展史、重大赛事等,使学生对于这项运动有全面的了解,引导学生学习掌握高尔夫球文化,提高学生的修养,全面提升学生的综合素质。
333    @a大学生
510 1  @aUniversity golf course@zeng
606 0  @a高尔夫球运动@x高等学校@j教材
606 0  @a高尔夫球运动
690    @aG849.3@v5
701  0 @a丁明汉@9ding ming han@4主编
801  0 @aCN@b人天书店@c20150116
905    @b988618-21@dG849.3@e432=2@f4
    
    大学高尔夫教程=University golf course/丁明汉主编.-2版.-北京:首都经济贸易大学出版社,2015.01
    241页:图;24cm
    使用对象:大学生
    
    ISBN 978-7-5638-2319-2:CNY45.00
    本书旨在指导学生学习高尔夫基本技术,向学生介绍高尔夫的规则、礼仪、发展史、重大赛事等,使学生对于这项运动有全面的了解,引导学生学习掌握高尔夫球文化,提高学生的修养,全面提升学生的综合素质。
●
相关链接 在E读中查询图书 在五车中查询图书 在当当中查询图书 在豆瓣中查询图书


正题名:大学高尔夫教程     索取号:G849.3/432=2         预约/预借

序号 登录号 条形码 馆藏地/架位号 状态 备注
1 988618   209886186   第一样本阅览室/ [索取号:G849.3/432=2] 在馆    
2 988619   209886195   密集书库-体育系/ [索取号:G849.3/432=2] 在馆    
3 988620   209886202   第四借阅区/ [索取号:G849.3/432=2] 在馆    
4 988621   209886211   第四借阅区/ [索取号:G849.3/432=2] 在馆    
唐山师范学院图书馆 欢迎您!
大连网信软件有限公司© 版权所有